| 000 | 01073 a2200193 4500 | ||
|---|---|---|---|
| 003 | Nust | ||
| 005 | 20221028181525.0 | ||
| 020 | _a81-219-2437-5 | ||
| 040 | _cNust | ||
| 082 | _a621.31,THE | ||
| 100 |
_aB.L Theraja.A.K Theraja _9101689 |
||
| 245 |
_aA Textbook Of Electrical Engineering in S.I.Units / _cB.L Theraja.A.K Theraja |
||
| 260 |
_aNew Delhi _bS.Chand And Company Ltd _c2010 |
||
| 300 | _axiv,866-1568.p | ||
| 440 |
_nVolume II _98809 |
||
| 505 | _aElements of Electro Mechanical Energy Conversion (Page-865), D.C. Generator (Page-887), Armature Reaction and Commutation (Page-937), Generator Characteristics (Page-967), D.C. Motor (Page-995), Speed Control of D.C Motors (Page-1031), Testing of D.C Machines (Page-1091), Transformer (Page-1115), Transformer (Page-1211), Induction Motor (Page-1243), Computation and Circle Diagrams (Page-1313), Single Phase Motors (Page-1367), Alternators (Page-1401), Synchronous Motor (Page-1489), Special Machines (Page-1535). | ||
| 650 |
_aA Textbook Of Electrical Engineering In S.I Units _9101690 |
||
| 942 |
_2ddc _cBK |
||
| 999 |
_c189480 _d189480 |
||